000 01240nam0a2200325 4500
001 RU\NLR\bibl\12578
005 20250615012044.0
010 _a5-7117-0343-9
_98000
021 _aRU
_b98-27807
_91327
035 _a(NLR Aleph) 000012262
090 _a45399
_c45399
100 _a19990204d1996 |||y0rusy50 ca
101 0 _arus
102 _aRU
105 _ay |||||||||
200 1 _aХроника любви и смерти
_eАлександр II и княгиня Юрьевская
_eРоман
_fВалентин Азерников
210 _aМ.
_cГолос
_d1996
215 _a252 с.
_d17
225 1 _aМелодия любви
600 0 _aАлександр
_cимператор российский
_dII
_f1818 - 1881
_xв художественной литературе
_9923635
_3RU\NLR\AUTH\6620184
686 _aШ6(2=Р)75-442
700 1 _4070
_aАзерников
_bВ. З.
_cдраматург
_f1934-
_gВалентин Захарович
_9186893
_3RU\NLR\AUTH\770186944
801 0 _aRU
_bNLR
_c19990204
_gPSBO
801 1 _aRU
_bNLR
_c19990204
830 _aАвт. раскрыт по кн.
852 _aNLR
_j98-2/1773
942 _cBOOK
980 _aNB